| 000 | 00877nam a2200205Ii 4500 | ||
|---|---|---|---|
| 003 | JO-AjNU | ||
| 008 | 230605s9999||||xx |||||||||||||| ||und|| | ||
| 040 |
_aJO-AjNU _bara _erda _cJO-AjNU |
||
| 041 | _aara | ||
| 050 | 1 | 4 | _aDS119.7.N35 2011 |
| 100 | 3 |
_aتاليف النمورة، محمود طلب خليل, _eauthor _950187 |
|
| 245 | 0 | 0 | _aدراسات وثائقية تجديدية في تاريخ فلسطين المفترى عليه 4000 ق م-2000م وتطبيقات من موسوعة ناحية دورا في جبل الجليل، الجزء الثاني |
| 250 | _aط1 | ||
| 264 | 3 | 1 | _aرام الله: دار الشروق، 2011 |
| 300 |
_aج2، 646ص _b صور توضيحية |
||
| 336 |
_atext _btxt _2rdacontent |
||
| 337 |
_aunmediated _bn _2rdamedia |
||
| 338 |
_avolume _bnc _2rdacarrier |
||
| 650 | 4 |
_aدورا - الخليل- فلسطين-تاريخ _950188 |
|
| 999 |
_aA22092 _c25660 _d25660 |
||